Proceedings of the International School of Physics "Enrico Fermi" = (Record no. 9165)
[ view plain ]
| 000 -LEADER | |
|---|---|
| fixed length control field | 01454nam a2200313 a 4500 |
| 001 - CONTROL NUMBER | |
| control field | 9165 |
| 003 - CONTROL NUMBER IDENTIFIER | |
| rucl marc code | BD-RjUL |
| 005 - DATE AND TIME OF LATEST TRANSACTION | |
| control field | 20211208234729.0 |
| 008 - FIXED-LENGTH DATA ELEMENTS--GENERAL INFORMATION | |
| fixed length control field | 140120s1963 ne x m 1 a0ita c |
| 030 ## - CODEN DESIGNATION | |
| CODEN | PIPFA7 |
| 035 ## - SYSTEM CONTROL NUMBER | |
| System control number | (BD-RjUL)9210 |
| -- | (OCoLC)ocm01587090 |
| 040 ## - CATALOGING SOURCE | |
| Original cataloging agency | MnMULS |
| Language of cataloging | eng |
| Transcribing agency | MnMULS |
| Modifying agency | OCoLC |
| -- | BD-RjUL |
| 041 ## - LANGUAGE CODE | |
| Language code of text/sound track or separate title | eng |
| 082 04 - DEWEY DECIMAL CLASSIFICATION NUMBER | |
| Edition number | 23 |
| Classification number | 530 |
| Author mark and year | INP 1963 |
| 111 2# - MAIN ENTRY--MEETING NAME | |
| Meeting name or jurisdiction name as entry element | International School of Physics "Enrico Fermi." |
| 9 (RLIN) | 28459 |
| 245 10 - TITLE STATEMENT | |
| Title | Proceedings of the International School of Physics "Enrico Fermi" = |
| Remainder of title | Rendiconti della Scuola internazionale di fisica "Enrico Fermi." |
| 246 31 - VARYING FORM OF TITLE | |
| Title proper/short title | Rendiconti della Scuola internazionale di fisica "Enrico Fermi." |
| 260 ## - PUBLICATION, DISTRIBUTION, ETC. (IMPRINT) | |
| Place of publication, distribution, etc. | Amsterdam ; |
| -- | New York : |
| Name of publisher, distributor, etc. | North-Holland, |
| Date of publication, distribution, etc. | 1963 |
| 300 ## - PHYSICAL DESCRIPTION | |
| Pagination | xi, 540 p. : |
| Illustrations | ill. ; |
| Size | 25 cm. |
| 500 ## - GENERAL NOTE | |
| General note | At head of title: Italian Physical Society. |
| 650 #0 - SUBJECT ADDED ENTRY--TOPICAL TERM | |
| Topical term or geographic name as entry element | Physics |
| Form subdivision | Congresses. |
| 9 (RLIN) | 25786 |
| Topical term or geographic name as entry element | Physique |
| Form subdivision | Collections. |
| 9 (RLIN) | 28449 |
| 710 2# - ADDED ENTRY--CORPORATE NAME | |
| Corporate name or jurisdiction name as entry element | Società italiana di fisica. |
| 9 (RLIN) | 25925 |
| 776 08 - ADDITIONAL PHYSICAL FORM ENTRY | |
| Relationship information | Online version: |
| Main entry heading | International School of Physics "Enrico Fermi." |
| Title | Proceedings of the International School of Physics "Enrico Fermi" |
| Record control number | (OCoLC)562615681 |
| 780 00 - PRECEDING ENTRY | |
| Main entry heading | International School of Physics "Enrico Fermi." |
| Title | Rendiconti della Scuola internazionale di fisica "Enrico Fermi" |
| International Standard Serial Number | 0505-0189 |
| Record control number | (DLC)sf 93032033 |
| -- | (OCoLC)1469586 |
| 942 ## - ADDED ENTRY ELEMENTS (KOHA) | |
| Source of classification or shelving scheme | Dewey Decimal Classification |
| Koha item type | Books |
| Lost status | Source of classification or shelving scheme | Damaged status | Not for loan | Permanent Location | Current Location | Shelving location | Date acquired | Source of acquisition | Cost, normal purchase price | Total Checkouts | Full call number | Date last seen | Copy number | Koha item type | Collection code |
|---|---|---|---|---|---|---|---|---|---|---|---|---|---|---|---|
| Dewey Decimal Classification | Central Library, University of Rajshahi | Central Library, University of Rajshahi | 11/11/1965 | Zeit | 160.00 | 530 INP 1963 | 20/01/2014 | C-2 | Books | ||||||
| Dewey Decimal Classification | Not For Loan | Central Library, University of Rajshahi | Central Library, University of Rajshahi | 15/07/1964 | Zeitlinger | 160.00 | 530 INP 1963 | 12/03/2019 | C-1 | Books | Non-fiction |